000218813 001__ 218813
000218813 005__ 20251220173138.0
000218813 0247_ $$aG:(GEPRIS)390833306$$d390833306
000218813 035__ $$aG:(GEPRIS)390833306
000218813 040__ $$aGEPRIS$$chttp://gepris.its.kfa-juelich.de
000218813 150__ $$aEXC 2121: Das Quantisierte Universum II$$y2019 -
000218813 371__ $$aProfessorin Dr. Erika Garutti
000218813 371__ $$aProfessorin Dr. Geraldine Servant
000218813 371__ $$aProfessor Dr. Timo Weigand
000218813 450__ $$aDFG project G:(GEPRIS)390833306$$wd$$y2019 -
000218813 5101_ $$0I:(DE-588b)2007744-0$$aDeutsche Forschungsgemeinschaft$$bDFG
000218813 680__ $$a
000218813 909CO $$ooai:juser.fz-juelich.de:862834$$pauthority$$pauthority:GRANT
000218813 909CO $$ooai:juser.fz-juelich.de:862834
000218813 980__ $$aG
000218813 980__ $$aAUTHORITY